Tục ngữ ca dao dân ca Việt Nam T.1
Gồm hai phần; Tổng quan về tục ngữ - Ca dao - Dân ca Việt Nam; Phản ánh tự nhiên và xã hội; NV028 Văn học dân gian Việt Nam; NV Ca dao dân ca
Na minha lista:
| Autor principal: | |
|---|---|
| Formato: | Livro |
| Idioma: | Undetermined |
| Publicado em: |
H.
Kim Đồng
2016
|
| Assuntos: | |
| Acesso em linha: | http://lrc.tdmu.edu.vn/opac/search/detail.asp?aID=2&ID=28342 |
| Tags: |
Adicionar Tag
Sem tags, seja o primeiro a adicionar uma tag!
|
| Thư viện lưu trữ: | Trung tâm Học liệu Trường Đại học Thủ Dầu Một |
|---|
| LEADER | 00846nam a2200217Ia 4500 | ||
|---|---|---|---|
| 001 | TDMU_28342 | ||
| 008 | 210410s9999 xx 000 0 und d | ||
| 082 | |a 390.089 | ||
| 090 | |b V500 | ||
| 100 | |a Vũ, Ngọc Phan | ||
| 245 | 0 | |a Tục ngữ ca dao dân ca Việt Nam | |
| 245 | 0 | |c Vũ Ngọc Phan | |
| 245 | 0 | |n T.1 | |
| 260 | |a H. | ||
| 260 | |b Kim Đồng | ||
| 260 | |c 2016 | ||
| 300 | |a 326tr. | ||
| 520 | |a Gồm hai phần; Tổng quan về tục ngữ - Ca dao - Dân ca Việt Nam; Phản ánh tự nhiên và xã hội; NV028 Văn học dân gian Việt Nam; NV Ca dao dân ca | ||
| 650 | |a Văn học dân gian |x Ca dao |x Tục ngữ |z Việt Nam | ||
| 856 | |u http://lrc.tdmu.edu.vn/opac/search/detail.asp?aID=2&ID=28342 | ||
| 980 | |a Trung tâm Học liệu Trường Đại học Thủ Dầu Một | ||